Δραματική έκφραση και αγωγή του παιδιού

Αποθηκεύτηκε σε:
Λεπτομέρειες βιβλιογραφικής εγγραφής
Κύριος συγγραφέας: Σέργη, Λένια
Μορφή: Βιβλίο
Γλώσσα:Greek
Δημοσίευση: Αθήνα : Gutenberg, 1991.
Έκδοση:2η έκδ.
Σειρά:Παιδαγωγική σειρά
Θέματα:
Ετικέτες: Προσθήκη ετικέτας
Δεν υπάρχουν, Καταχωρήστε ετικέτα πρώτοι!

MARC

LEADER 00000cam a2200000 i 4500
001 1/83677
008 960904s1991 gr | ||| |||| ||gre||
035 |a 1995  |b 1  |c Στρατής  |l 10034257 
040 |a GR-MY-UA  |b gre  |e aacr 
041 0 |a gre 
082 7 |a 372.66   |2 (22) 
100 1 |a Σέργη, Λένια. 
245 1 0 |a Δραματική έκφραση και αγωγή του παιδιού /   |c Λένιας Σέργη.  
250 |a 2η έκδ.  
260 |a Αθήνα :   |b Gutenberg,   |c 1991.  
300 |a 90 σ. ;   |c 21 εκ.  
490 1 |a (Παιδαγωγική σειρά) 
650 0 0 |a Drama in education. 
650 0 0 |a Theater  |x Study and teaching (Primary) 
650 0 0 |a Drama  |x Study and teaching (Primary) 
830 0 |a Παιδαγωγική σειρά 
852 |a INST  |b RHODES  |e 19960904  |h 372.66 ΣΕΡ  |p 005400007129  |q 005400007129  |t BK  |y 4  |x 20200831 
909 |a Ρ  |b 040035 
922 |a 4ΕΛΗ  |b 199503  |c ΣΤΡΑΤΗΣ 
970 |a ΧΟΡΟΖΙΔΟΥ  |b ΤΖΕΝΗ  |z 1999/12/10